000 00274nam a22001337a 4500
008 180131b xxu||||| |||| 00| 0 eng d
020 _a06140653
041 _aeng
080 _a579
100 _a11
101 _aBIO
245 _aMICROBIOLOGY
_cDAVIS.D
942 _2udc
_cBK
999 _c41412
_d41412